000 00221nam a22000857a 4500
008 170608b xxu||||| |||| 00| 0 eng d
100 _93342
_aDavid. A
245 _aAnimal World
260 _aNew Delhi
_bChildren's Book Trust
_c1973
999 _c6661
_d6661